Movimentos e Pastorais da Igreja Católica - Statistics

Estatísticas Gerais
  • Esse quiz foi jogado 63 vezes
    20 desde o último reset
  • A pontuação média é 8 de 34
Estatísticas das Respostas
Imagem Resposta % Correto
Pastoral da Comunicação
64%
Pastoral do Dízimo
64%
Renovação Carismática Católica
50%
Pastoral da Música
43%
Pastoral do Acolhimento
43%
Pastoral do Crisma
43%
Legião de Maria
36%
Mães que Oram Pelos Filhos
36%
Pastoral Catequética
36%
Apostolado da Oração
29%
Encontro de Casais em Cristo
29%
Homens do Terço
29%
Pastoral da Liturgia
29%
Pastoral do Batismo
29%
Pastoral dos Coroinhas
29%
Peregrinos da Esperança
29%
Pastoral da Criança
21%
Pastoral da Saúde
21%
Pastoral Jovem
21%
Conselho Pastoral Paroquial
14%
Pastoral Carcerária
14%
Ministério das Crianças e Adolesentes
7%
Movimento dos Focolares
7%
Movimento Eucaristico Jovem
7%
Pastoral da Educação
7%
Pastoral da Pessoa Idosa
7%
Pastoral da Sobriedade
7%
Pastoral do Menor
7%
Pastoral Familiar
7%
Pastoral Social
7%
Curso Intensivo Vivencial do Casamento
0%
Movimento de Cursilhos de Cristiandade
0%
Pastoral do Povo de Rua
0%
Serviço de Animação Vocacional
0%
Nenhum quiz correspondente encontrado
Distribuição das Pontuações
Porcentagem de Pessoas com Cada Pontuação
Percentil de Números Respondidos
Sua Pontuação Histórica
Você não jogou esse quiz desde o último reset